000
00214 a2200097 4500
001
47943
100
_a
Azzam
245
_a
Eternal message of Muhammad
260
_a
London
_b
Quartet books
_c
090
_c
30938
_d
30938
942
_a
NUST-CAE
_c
M
_c
23267
999
_c
283016
_d
283016